Countries bordering Germany - Statistics

General Stats
  • This quiz has been taken 27 times
    18 since last reset
  • The average score is 9 of 9
Answer Stats
Hint Answer % Correct
B Belgium
100%
D Denmark
100%
N Netherlands
100%
P Poland
100%
A Austria
94%
C Czechia
94%
F France
94%
L Luxembourg
88%
S Switzerland
88%
No matching quizzes found
Score Distribution
Percent of People with Each Score
Percentile by Number Answered
Your Score History
You have not taken this quiz since the last reset